Informal education: why, where and how it could be implemented (Record no. 494332)

000 -LEADER
fixed length control field 00414cam a22001217a 4500
008 - FIXED-LENGTH DATA ELEMENTS--GENERAL INFORMATION
fixed length control field 180718b1973 xxu||||| |||| 00| 0 eng d
082 ## - DEWEY DECIMAL CLASSIFICATION NUMBER
Classification number Px54 In2in
100 ## - MAIN ENTRY--PERSONAL NAME
Personal name Deleon, Asher
245 ## - TITLE STATEMENT
Title Informal education: why, where and how it could be implemented
Statement of responsibility, etc. by Asher Deleon
260 ## - PUBLICATION, DISTRIBUTION, ETC.
Place of publication, distribution, etc. New Delhi
Name of publisher, distributor, etc. The Manager, Governement of India
Date of publication, distribution, etc. 1973
300 ## - PHYSICAL DESCRIPTION
Extent 25p.
700 ## - ADDED ENTRY--PERSONAL NAME
Personal name India. Ministry of Education and Social Welfare
Holdings
Withdrawn status Lost status Damaged status Not for loan Permanent Location Current Location Date acquired Full call number Barcode Date last seen Price effective from Koha item type
        Indian Institute of Public Administration Indian Institute of Public Administration 2018-08-04 Px54 In2in GG19175 2018-08-04 2018-08-04 GG

Powered by Koha